000 00863nam a2200217 u 4500
005 20210223131314.0
008 100609s2007 r 000 0 eng d
020 _a9508022418 (10 dígitos)
020 _a9789508022417 (13 dígitos)
035 _aUPN01000176411
049 _aCG
050 4 _aHV40.8 A4.4
_bP7.6
245 0 3 _aLa profesionalización en el trabajo social :
_brupturas y continuidades, de la reconceptualización a la construcción de proyectos ético-políticos /
_ccoord. Margarita Rozas Pagaza.
260 _aBuenos Aires :
_bUniversidad Nacional de la Plata :
_bEspacio,
_c2007.
300 _a346 p. :
_bcuadros
440 0 _aCiencias sociales.
_pNovedades
650 4 _aTRABAJADORES SOCIALES -
_zAMERICA LATINA
_915957
650 4 _aSERVICIO SOCIAL -
_zAMERICA LATINA
_915956
700 1 _aRozas Pagaza, Margarita,
_ecoord.
905 _aLibro
999 _c148514
_d148514